[Event "Eastern Asia-ch U12 Girls"]
[Site "Tornelo INT"]
[Date "2021.10.24"]
[Round "7"]
[White "Kaliakhmet, Elnaz"]
[Black "Orazalina, Nursulu"]
[Result "1-0"]
[WhiteElo "1500"]
[BlackElo "1402"]
[PlyCount "69"]
[EventDate "2021.10.22"]
[EventType "swiss"]
[EventRounds "9"]
[EventCountry "NET"]
[SourceTitle "EXT 2023"]
[Source "ChessBase"]
[SourceDate "2022.10.05"]
[SourceVersion "1"]
[SourceVersionDate "2022.10.05"]
[SourceQuality "1"]

1. d4 d5 2. c4 c6 3. Nc3 Nf6 4. Nf3 e6 5. e3 Nbd7 6. Be2 dxc4 7. a4 Bb4 8. Bxc4 Nb6 9. Bd3 a5 10. 0-0 Bd7 11. Qe2 0-0 12. e4 Qe8 13. Bg5 Be7 14. e5 Nfd5 15. Qe4 g6 16. Bh6 f5 17. exf6 Rxf6 18. Ne5 c5 19. Bg5 Rf5 20. Bxe7 Qxe7 21. dxc5 Rf4 22. Qe2 Nxc3 23. bxc3 Nxa4 24. g3 Rf6 25. c6 Nxc3 26. Qc2 Bxc6 27. Nxc6 bxc6 28. Qxc3 Rd8 29. Be4 c5 30. Rxa5 Rd4 31. Bg2 Rf8 32. Rxc5 Rfd8 33. Rc7 Qd6 34. h3 Rd2 35. Qg7# 1-0

[Event "Eastern Asia-ch U12 Girls"]
[Site "Tornelo INT"]
[Date "2021.10.23"]
[Round "4"]
[White "Harshita, Agrawal"]
[Black "Orazalina, Nursulu"]
[Result "0-1"]
[WhiteElo "1133"]
[BlackElo "1402"]
[PlyCount "72"]
[EventDate "2021.10.22"]
[EventType "swiss"]
[EventRounds "9"]
[EventCountry "NET"]
[SourceTitle "EXT 2023"]
[Source "ChessBase"]
[SourceDate "2022.10.05"]
[SourceVersion "1"]
[SourceVersionDate "2022.10.05"]
[SourceQuality "1"]

1. e4 c5 2. Nc3 Nc6 3. f4 d6 4. Nf3 e5 5. fxe5 dxe5 6. Bb5 Bg4 7. 0-0 Bd6 8. h3 Bd7 9. Bc4 Nf6 10. d3 0-0 11. Bg5 Be7 12. Qd2 a6 13. Nd5 Nxd5 14. exd5 Nd4 15. Bxe7 Qxe7 16. Nxd4 cxd4 17. Rae1 Qd6 18. c3 b5 19. Bb3 dxc3 20. Qxc3 Rfe8 21. Qd2 a5 22. Qf2 Re7 23. Qf3 a4 24. Bc2 Rc8 25. Rf2 Rc5 26. Rfe2 Rxd5 27. Kh1 Bc6 28. Qg4 Bb7 29. Bb1 Re6 30. Qf5 e4 31. Qf2 exd3 32. Rxe6 fxe6 33. Rf1 Rf5 34. Qg1 Qg3 35. Rxf5 exf5 36. Qf1 d2 0-1

[Event "Pavlodar op"]
[Site "Pavlodar"]
[Date "2017.11.22"]
[Round "2"]
[White "Amgalantengis, Enkh Amgalan"]
[Black "Orazalina, Nursulu"]
[Result "1-0"]
[WhiteElo "1628"]
[BlackElo "1283"]
[PlyCount "50"]
[EventDate "2017.11.21"]
[EventType "swiss"]
[EventRounds "9"]
[EventCountry "KAZ"]
[SourceTitle "EXT 2019"]
[Source "ChessBase"]
[SourceDate "2018.10.10"]
[SourceVersion "1"]
[SourceVersionDate "2018.10.10"]
[SourceQuality "1"]

1. e4 c6 2. d4 d5 3. f3 e6 4. Nc3 Nd7 5. Be3 b6 6. Bd3 Bb7 7. Nh3 c5 8. exd5 e5 9. dxe5 Nxe5 10. Bb5+ Nd7 11. Ne4 a6 12. Bxd7+ Qxd7 13. c4 Ne7 14. 0-0 Nf5 15. Bf2 Be7 16. Nf4 0-0 17. Re1 Rfe8 18. Nd3 Bd6 19. Ndxc5 bxc5 20. Nxc5 Rxe1+ 21. Qxe1 Qe7 22. Nxb7 Rb8 23. Nd8 Qxd8 24. Qc3 h6 25. b3 Kh8 1-0